Years by Movies Released (1980-Present) - Statistics

General Stats
  • This quiz has been taken 54 times
    14 since last reset
  • The average score is 42 of 45
Answer Stats
Movies Year % Correct
PoltergeistE.T. the Extra-Terrestrial Annie 1982
100%
FootlooseThe Karate Kid Ghostbusters 1984
100%
Back to the FutureThe Black Cauldron Teen Wolf 1985
100%
Honey, I Shrunk the KidsThe Little Mermaid Parenthood 1989
100%
Goodfellas Home Alone Edward Scissorhands 1990
100%
My GirlBeauty and the Beast Terminator 2: Judgement Day 1991
100%
Groundhog DayThe Nightmare Before Christmas Schindler's List 1993
100%
The Shawshank RedemptionPulp Fiction Forrest Gump 1994
100%
BraveheartApollo 13 Toy Story 1995
100%
Jerry Maguire Mission: Impossible Space Jam 1996
100%
Saving Private RyanA Bug's Life The Truman Show 1998
100%
A.I. Artificial Intelligence The Lord of the Rings: The Fellowship of the Ring Spirited Away 2001
100%
50 First DatesThe Terminal I, Robot 2004
100%
Click Cars Marie Antoinette 2006
100%
Wall-E High School Musical 3: Senior Year The Dark Knight 2008
100%
WatchmenAvatar Fantastic Mr. Fox 2009
100%
InceptionShutter Island Tangled 2010
100%
LincolnMoonrise Kingdom The Amazing Spider-Man 2012
100%
FrozenGravity World War Z 2013
100%
The Monuments MenInterstellar The Grand Budapest Hotel 2014
100%
Avengers: Age of Ultron Inside Out Minions 2015
100%
BaywatchPitch Perfect 3 The Greatest Showman 2017
100%
BarbieOppenheimer Spider-Man: Across the Spider-Verse 2023
100%
The Blue LagoonSuperman II The Empire Strikes Back 1980
89%
Raiders of the Lost ArkEndless Love The Fox and the Hound 1981
89%
Ferris Bueller's Day OffAn American Tail Stand by Me 1986
89%
Dirty DancingThe Princess Bride Empire of the Sun 1987
89%
WillowRain Man Who Framed Roger Rabbit 1988
89%
A Few Good MenBatman Returns Chaplin 1992
89%
Good Will Hunting Hercules The Rainmaker 1997
89%
The MatrixThe Phantom Menace The Green Mile 1999
89%
X-MenTitan A.E. What Lies Beneath 2000
89%
SignsCatch Me If You Can Harry Potter and the Chamber of Secrets 2002
89%
Lost in Translation Big Fish Anger Management 2003
89%
Hairspray Meet the Robinsons Beowulf 2007
89%
La La LandMe Before You Manchester by the Sea 2016
89%
Red SparrowReady Player One Aquaman 2018
89%
Jumanji: The Next LevelA Beautiful Day in the Neighborhood Men in Black: International 2019
89%
The Call of the WildMulan Parasite 2020
89%
Free GuyDear Evan Hansen Dune 2021
89%
Deadpool and WolverineThe Fall Guy Argylle 2024
89%
The OutsidersRisky Business Return of the Jedi 1983
78%
War of the WorldsThe Hitchhiker's Guide to the Galaxy Rumor Has It... 2005
78%
The Adjustment Bureau Real Steel Just Go With It 2011
78%
The Adam ProjectPurple Hearts The School For Good and Evil 2022
67%
No matching quizzes found
Score Distribution
Percent of People with Each Score
Percentile by Number Answered
Your Score History
You have not taken this quiz since the last reset